Cities by Mario Kart Tour tracks - Statistics

General Stats
  • This quiz has been taken 18 times
  • The average score is 11 of 14
Answer Stats
Picture Answer % Correct
Athens Dash
94%
New York Minute
94%
Singapore Speedway
94%
Los Angeles Laps
88%
Paris Promenade
88%
Sydney Sprint
88%
Tokyo Blur
88%
London Loop
81%
Madrid Drive
75%
Berlin Byways
69%
Rome Avanti
69%
Amsterdam Drift
63%
Bangkok Rush
63%
Vancouver Velocity
56%
No matching quizzes found
Score Distribution
Percent of People with Each Score
Percentile by Number Answered
Your Score History
You have not taken this quiz